| 000 | 00566cam a2200205 4500 | ||
|---|---|---|---|
| 001 | 7710925 | ||
| 003 | ARRUPE | ||
| 005 | 20140405020011.0 | ||
| 008 | 811121s1959 nyu 000 0 eng d | ||
| 035 | _a(NNNPsI)5039 | ||
| 035 | _a(NNC)7710925 | ||
| 040 | _cMvI | ||
| 060 | 0 | 0 |
_aWS 105 _bF812m 1959 |
| 100 | 1 |
_aFraiberg, Selma. _98506 |
|
| 245 | 1 | 4 |
_aThe magic years : _bunderstanding and handling the problems of early childhood. |
| 260 |
_aNew York : _bScribner, _c[c1959] |
||
| 300 |
_axiii, 305 p. ; _c22 cm. |
||
| 942 |
_2lcc _cMONOGRAPH _02 |
||
| 999 |
_c119999 _d119999 |
||